| 000 | 00703nam a22002177a 4500 | ||
|---|---|---|---|
| 003 | OSt | ||
| 005 | 20250714094641.0 | ||
| 008 | 250714t2009 |||||||| |||| 00| | eng d | ||
| 020 | _a978-0-8010-3631-6 | ||
| 040 | _cJMCFI - Learning Resource Center | ||
| 082 | _aGR 224.907 M66 2009 | ||
| 245 |
_aThe minor prophets : _ban exegetical and expository commentary / |
||
| 260 |
_aMichigan : _bBaker Academic, _c2009 |
||
| 300 |
_aix, 1445 pages : _c25cm |
||
| 500 | _aIncludes indexes. | ||
| 650 |
_aBible _vMinor phophets _938945 |
||
| 650 |
_aBible _vMinor prophets _xCommentaries _938946 |
||
| 650 |
_aReligious biography _938947 |
||
| 700 |
_aMCcomiskey, Thomas E. _eeditor _938948 |
||
| 942 |
_2ddc _cBK _n0 |
||
| 999 |
_c12269 _d12269 |
||